Fire Protection Hanbook : Volume I, II

Salvato in:
Dettagli Bibliografici
Natura: Libro
Lingua:inglese
Pubblicazione: Quincy : National fire protection association, 2003
Edizione:9th Ed
Soggetti:
Tags: Aggiungi Tag
Nessun Tag, puoi essere il primo ad aggiungerne!!

MARC

LEADER 00000nam a22000003a 4500
001 stu146001
005 20141122183908.8
008 070928s2003----xxu-----------------eng-d
020 |a 0-87765-474-3 
040 |a STU  |b slo 
041 0 |a eng 
044 |a xxu 
245 |a Fire Protection Hanbook :  |b Volume I, II 
250 |a 9th Ed 
260 |a Quincy :  |b National fire protection association,  |c 2003 
300 |a 2 zv 
650 7 |a požiarna ochrana  |2 stusub 
996 |b 284M066060  |c M*12181/1-1  |l MMKN  |s A  |a 24  |w stu146001_0001 
996 |b 284M066061  |c M*12181/2-1  |l MMKN  |s A  |a 24  |w stu146001_0002